| 000 | 01341nam a22002537a 4500 | ||
|---|---|---|---|
| 008 | 100705s1977 xxu||||| |||| 00| 0 ara d | ||
| 020 | _a0842671 | ||
| 082 |
_222 _a620.106 _bد و ج |
||
| 100 | 1 |
_915900 _aدوجرتي ، روبرت |
|
| 245 |
_aميكانيكا الموائع وتطبيقاتها الهندسية / _bروبرت ل. دوجرتي ، جوزيف ب. فرانزيني ؛ ترجمة قداح شاكر قداح ؛ مراجعة أحمد محمد السباعى |
||
| 260 |
_aبيروت : _bدار الرائد العربي ، _c1977. |
||
| 260 |
_aنيويورك : _bماكجروهيل ، _c1965. |
||
| 300 |
_a638 ص : _bايض ؛ _c24 سم. |
||
| 504 | _aيحتوي على ارجاعات ببليوجرافية | ||
| 541 |
_aألف باء ؛ _cشراء ؛ |
||
| 650 |
_915902 _aميكانيكا السوائل |
||
| 650 |
_915903 _aميكانيكا الموائع |
||
| 650 |
_915905 _aميكانيكا السوائل التطبيقية |
||
| 700 |
_915901 _aفرانزيني ، جوزيف |
||
| 700 |
_915911 _aقداح ، قداح شاكر _eترجمة |
||
| 700 |
_915912 _aالسباعى ، أحمد محمد _eمراجعة |
||
| 942 |
_2ddc _cBB |
||
| 999 |
_c14380 _d14380 |
||